Представление документа в формате MARC21

Поле Инд. ПП Название Значение
Тип записи a
Библиографический уровень b
001 Контрольный номер RU/IS/BASE/325008350
005 Дата корректировки 20220217135640.1
008 Кодируемые данные 20100419
040 b Код языка каталог. rus
e Правила каталог. PSBO
041 0_ a Код языка текста rus
084 a Индекс другой классификации/Индекс ББК 83.3(2=411.2)6-004
100 1_ a Автор Коржова И. Н.
q Полное имя Коржова Инесса Николаевна
245 10 a Заглавие Виток вдохновения: автореминисценции в пьесах В. В. Набокова
504 a Библиография Библиогр.: с. 111 - 112
520 0_ a Аннотация В данной статье исследуются автореминисценции в пьесе В.В. Набокова "Изобретение Вальса", источником которых стала "Трагедия господина Морна". Поздейшая пьеса наследует трактовку земной власти как аллегории бытийных законов, принцип тождества внутреннего и внешнего пространства и типологию персонажей. Произведения связывают концептуальные метафоры жизни-сна, жизни-тирании и мотив преображения реальности
600 14 a Персоналии Набоков Владимир Владимирович
650 04 a Основная рубрика история литературы
a Основная рубрика литературоведение
a Основная рубрика филологические науки
a Основная рубрика философия
653 0_ a Ключевые слова "Изобретение Вальса"
a Ключевые слова "Трагедия господина Морна"
a Ключевые слова XX век
a Ключевые слова бытие
a Ключевые слова власть
a Ключевые слова драматургия
a Ключевые слова метафоры
a Ключевые слова образ мира
a Ключевые слова пьесы
a Ключевые слова Россия
a Ключевые слова сон
a Ключевые слова философия литературы
a Ключевые слова язык автора
773 08 t Заглавие источника Вестник Московского университета. Серия 9, Филология
d Дата издания источника 2009
g Прочая информация № 4. - С. 104 - 112
w Контрольный № источника RU/IS/BASE/321796379
901 t Тип документа b